| 000 | 00600nam a2200205 i 4500 | ||
|---|---|---|---|
| 001 | 126347 | ||
| 003 | ES-MaACL | ||
| 005 | 20250607063028.0 | ||
| 007 | t| | ||
| 008 | 070214q19091910sp |||| |dspa d | ||
| 080 | _a551.43 | ||
| 100 | 1 |
_aReclus, Élisée, _d1830-1905 _995775 |
|
| 245 | 1 | 3 |
_aLa montaña / _cEliseo Reclús ; traducción de A. López Rodrigo. |
| 260 |
_aValencia : _bF. Sempere y Cía., _c[1909-1910] |
||
| 300 |
_a216 p. ; _c19 cm. |
||
| 650 | 4 |
_aMontañas. _9149791 |
|
| 700 | 1 |
_aLópez Rodrigo, A. _973929 |
|
| 852 |
_aES-MaACL _jG-10085 |
||
| 999 |
_c126347 _d126347 |
||